LIBRARY & INFORMATION CENTRE, KCAET, TAVANUR

ONLINE PUBLIC ACCESS CATALOGUE (OPAC)

Five point someone what not to do at iit (Record no. 15455)

MARC details
000 -LEADER
fixed length control field 00318nam a22001217a 4500
020 ## - INTERNATIONAL STANDARD BOOK NUMBER
ISBN 9788129135490
082 ## - DEWEY DECIMAL CLASSIFICATION NUMBER
Classification number 823.92
Item number BHA/FI
100 ## - MAIN ENTRY--AUTHOR NAME
Personal name Bhagath, chetan.
245 ## - TITLE STATEMENT
Title Five point someone what not to do at iit
260 ## - PUBLICATION, DISTRIBUTION, ETC. (IMPRINT)
Place of publication New delhi ;
Name of publisher Rupa publications pvt ltd ,
Year of publication 2017.
300 ## - PHYSICAL DESCRIPTION
Number of Pages 265p.
942 ## - ADDED ENTRY ELEMENTS (KOHA)
Koha item type Books
Holdings
Withdrawn status Lost status Damaged status Home library Current library Date acquired Cost, normal purchase price Full call number Accession Number Koha item type
      KAUAET KAUAET 05/06/2018 176.00 823.92 BHA/FI 25642 Books
free website counter